00582nam a2200205Ia 450000500170000000800410001702000250005804000190008304100120010208200130011424500620012726000620018930000270025150400190027863000200029765000120031765100200032970000170034985000100036620230116114518.0131103s9999 xx 000 0 und d a812031125 6cRs. 395 aLoreto College aEnglish a954bCHO 2aA new advanced history of IndiacP.N. Chopra ... [et.al.] aNew DelhibPrentice - Hall of India Private Limitedc1996 aiv, 674 p.b ill.,maps aIncludes index aIndia - History aHistory aAdvance History aChopra, P.N. aLCLIB